000 00594nam a2200217Ia 4500
003 OSt
005 20220928135940.0
006 a|||||r|||| 00| 0
007 ta
008 220927b |||||||| |||| 00| 0 eng d
024 _a5630
037 _cTextual
040 _aSDCL
_cSDCL
_beng
041 _2eng
_aeng
082 _aO-,2J64:g(V3), L8
100 _aWilders John
_9493292
245 0 _aLost garden
_b A view of Shakespeare's English and Roman History plays.
260 _c1978
942 _hO-,2J64:g(V3), L8
_cTEXL
_2CC
999 _c809079
_d809079